000 01309na a2200349 4500
001 18340
003 MIRAKIL
005 20181213155116.0
008 161116b tu 000 0
035 _a18340
040 _aMilas
_btur
_cTR-AnCHP
041 _atur
082 _aCHP 324.2372030523
_bC36g 1996
090 _aCHP 324.2372030523 C36g 1996
111 _aCHP Gençlik Kolları Olağan Kurultayı
_cAnkara
_d23 Kasım 1996
_n10.
222 _aGençlik Kurultayı konuşması
245 _aCHP Genel Başkanı Deniz Baykal'ın Gençlik Kurultayı konuşması
_b23 Kasım 1996
_cCHP
246 _aCHP Gençlik Kurultayı
260 _aAnkara
_bCHP
_c1996
300 _a46 s.
_c20 sm.
490 _aCumhuriyet Halk Partisi yayınları
500 _aDış kapakta yapıt adı : CHP Genel Başkanı Deniz Baykal'ın 10. Olağan Gençlik Kurultayı konuşması
600 _aBaykal, Deniz
_cCHP Genel Başkanı
_xSöylev ve demeçler
_yKurultaylar, Gençlik
610 _aCumhuriyet Halk Partisi
_xKurultaylar, Gençlik
_y1996
610 _aCHP
_xSosyal gruplar
_yÇözüm önerileri
650 _aGençlik
_xSiyasal etkinlik
_zTürkiye
657 _aCHP kurultayları
657 _aKurultay konuşmaları
740 _aCHP Gençlik Kurultayı
830 _aCHP yayınları
942 _2dcc
_cBKS
999 _c6711
_d6711